Countries Without the Letter I - Statistics

General Stats
  • This quiz has been taken 422 times
    377 since last reset
  • The average score is 44 of 78
Answer Stats
Hint Answer % Correct
Country Canada
81%
Country Japan
79%
Country Germany
75%
Country Egypt
74%
Country France
74%
Country Sweden
73%
Country North Korea
72%
Country South Korea
72%
Country Denmark
70%
Country Norway
70%
Country Poland
66%
Country Portugal
66%
Country Yemen
66%
Country Morocco
64%
Country Oman
64%
Country Peru
64%
Country Greece
63%
Country Qatar
62%
Country Turkey
62%
Country Nepal
61%
Country Cuba
60%
Country Hungary
60%
Country New Zealand
60%
Country Laos
58%
Country Luxembourg
58%
Country Netherlands
58%
Country Paraguay
58%
Country Uruguay
58%
Country Venezuela
57%
Country Andorra
56%
Country Bangladesh
56%
Country Belarus
56%
Country Chad
56%
Country Ghana
56%
Country Madagascar
56%
Country Guyana
55%
Country Kazakhstan
55%
Country Kenya
55%
Country Panama
55%
Country Panama
55%
Country Bahamas
54%
Country Ecuador
54%
Country Guatemala
54%
Country Sudan
54%
Country Bhutan
53%
Country Honduras
53%
Country South Sudan
53%
Country Uganda
53%
Country Angola
52%
Country Botswana
52%
Country Cyprus
52%
Country Jordan
52%
Country Myanmar
52%
Country El Salvador
51%
Country Kosovo
51%
Country Togo
51%
Country Barbados
50%
Country Lesotho
50%
Country Monaco
50%
Country Rwanda
50%
Country Cameroon
49%
Country Lebanon
49%
Country Malta
49%
Country Kyrgyzstan
47%
Country Montenegro
47%
Country Senegal
47%
Country Comoros
46%
Country Gabon
46%
Country Palau
46%
Country Seychelles
46%
Country Tonga
46%
Country Tuvalu
46%
Country Vanuatu
46%
Country Grenada
45%
Country Cape Verde
44%
Country Moldova
44%
Country Nauru
44%
Country Samoa
43%
No matching quizzes found
Score Distribution
Percent of People with Each Score
Percentile by Number Answered
Your Score History
You have not taken this quiz since the last reset